01671nam a22002657a 4500999001700000003000900017008004100026040007100067082002300138245008400161260002800245300002800273440008400301505067400385650002901059650002201088650002801110650003201138700003501170700004601205700003401251942001201285945000801297952010001305 c22148d22148AR-CdUCM190515b ||||| |||| 00| 0 spa d aMUNICIPALIDAD PROVINCIAL DEL CUSCOcBIBLIOTECA MUNICIPAL DEL CUSCO aTiempos/N°10/2015 aTiempos revista de historia y cultura /cTaller de Investigaciones históricas aLima :bTiempos,c2015. a350 páginas ;c21 cm. aTiempos revista de historia y cultura.nAño 10, N°10, noviembre 2015.947536 aContenido: Aves en la mitologíae iconografía del Perú ancestral. Federico Kauffmann Doig. -- La sorprendente vida de Francisco Pizarro. María del Carmen Martín Rubio. -- Diego de León Pinelo su defensa de San Marcos 1648 en la tradición académica y literaria de Lima colonial. Teodoro Hampe Martínez. -- La propiedad de Machupicchu y unos aportes históricos legales para su mejor comprensión en el siglo XXI. Mariana Mould de Pease. -- La economía de la Salud en Variedades durante la república aristocrática. José Chaupis Torres. -- La cofradía de Nuestra Señora de Cocharcas de Lima siglos XVI-XIX. Jimmy Martínez Céspedes. ...  aHistoria del Perú9259 aMachupicchu91751 aÉpoca colonial947537 aIconografía andina946792 aKauffmann Doig, Federico96213 aMartín Rubio, María del Carmen946154 aMould de Pease, Mariana97113 2ddccPP arac 002ddc4070aHEMbHEMcCARTd2022-03-14g10.00oTiempos/N°10/2015pREVC000698r2022-03-14yPP